Computer System Architecture 3rd Ed. (Record no. 21620)

MARC details
000 -LEADER
fixed length control field 00333nam a22001337a 4500
008 - FIXED-LENGTH DATA ELEMENTS--GENERAL INFORMATION
fixed length control field 251121b |||||||| |||| 00| 0 eng d
020 ## - INTERNATIONAL STANDARD BOOK NUMBER
ISBN 81-203-0855-7
100 ## - MAIN ENTRY--AUTHOR NAME
Personal name M.M. Mano
245 ## - TITLE STATEMENT
Title Computer System Architecture 3rd Ed.
250 ## - EDITION STATEMENT
Edition statement 3rd Ed.
260 ## - PUBLICATION, DISTRIBUTION, ETC. (IMPRINT)
Place of publication New Delhi
Name of publisher Prentice Hall
Year of publication 1999
300 ## - PHYSICAL DESCRIPTION
Number of Pages 525
942 ## - ADDED ENTRY ELEMENTS (KOHA)
Source of classification or shelving scheme Dewey Decimal Classification
Koha item type Books
Holdings
Accession Number Cost, normal purchase price Source of acquisition Price effective from Koha item type Withdrawn / writtenoff status Damaged status Not for loan Permanent Location Current Location Shelving location Date acquired Lost/ Missing status department
BB 1556 175.00 Donated By Dr. Gurpreet Kaur (ECE) 11/21/2025 Books       MIET Library, Jammu MIET Library, Jammu 73/1 11/20/2025   BB